000 00513nam a2200097Ia 4500
008 170517s9999 xx 000 0 und d
245 _aAntibiotic Resistance
300 _aAntibiotics constitute one of the most consequential medical advancements of the past century. We rely on them to battle infections and disease, and they're often the first line of defense in emergency rooms and physician offices across the globe....
650 _xTechnology.
856 _uhttp://topdocumentaryfilms.com/antibiotic-resistance/
999 _c335012
_d335012